Представление документа в формате MARC21

ПолеНазваниеЗначение
  Тип записи a
  Библиографический уровень m
001 Контрольный номер RU/URAIT/599074
005 Дата корректировки 20260429163651.2
008 Кодируемые данные 260429s2026 RU y f j 000 0 rus u
020 Индекс ISBN __
a ISBN 978-5-534-20742-2
c Цена, тираж 419.00
040 Источник каталогиз. __
a Служба первич. каталог. ИКО Юрайт
c Служба, преобразующая запись ИКО Юрайт
e Правила каталог. RCR
041 Код языка издания __
a Код языка текста rus
044 Код страны публикации __
a Код страны публикации RU
080 Индекс УДК __
a Индекс УДК 620(075.32)
084 Индекс другой классификации/Индекс ББК __
2 Источник индекса rubbk
a Индекс другой классификации/Индекс ББК 30.3я723
100 Автор __
a Автор Фетисов Г. П.
q Полное имя Фетисов Геннадий Павлович
245 Заглавие __
a Заглавие Литейное производство
b Продолж. заглавия учебное пособие для спо
c Ответственность Г. П. Фетисов.
250 Сведения об издании __
g пер. и доп
a Основные сведения об издании 8-е изд.
256 Характеристики компьютерного файла __
a Характеристики компьютерного файла Электрон. дан.
260 Выходные данные __
a Место издания Москва
b Издательство Юрайт
c Дата издания 2026
300 Физическое описание __
a Объем 58 с
440 Серия __
a Серия Профессиональное образование
500 Примечания __
a Примечание URL: https://urait.ru/bcode/599074 (дата обращения: 29.04.2026).
520 Аннотация __
a Аннотация В учебном пособии описан один из основных технологических процессов в машиностроении — литейное производство. Рассмотрены современные методы литейного производства и перспективы его развития. Изучены особенности технологического процесса литья. Содержание учебного пособия соответствует актуальным требованиям Федерального государственного образовательного стандарта высшего образования. Для студентов вузов, обучающихся машиностроительным направлениям. Может быть использовано инженерно-техническими работниками.
538 Прим. о системных особенностях __
a Прим. о системных особенностях Режим доступа: Электронно-библиотечная система Юрайт, для авториз. пользователей
653 Ключевые слова __
a Ключевые слова Материаловедение
653 Ключевые слова __
a Ключевые слова Технические науки
653 Ключевые слова __
a Ключевые слова Литейное производство
856 Электронный адрес документа 40
n Местонахождение сервера Юрайт
g Электронная книга
q Тип электронного формата html
h Имя пользователя ЮРАЙТ
v Часы доступа к ресурсу 20271231
2 Способ доступа Показать документ
x Служебное примечание https://urait.ru/book/cover/A80FEE6D-CFD0-4A66-BAB0-FCEAB479A63D
u URL https://urait.ru/bcode/599074
856 Электронный адрес документа 48
q Тип электронного формата cover
u URL https://urait.ru/book/cover/A80FEE6D-CFD0-4A66-BAB0-FCEAB479A63D
911 __
u 0030=https://urait.ru/bcode/599074
911 __
u 073a=9785534207422
u 073d=419.00
911 __
u 106a=s
911 __
u 900l=
952 Тип литературы __
i Дисциплина Литейное производство